Aby už detstvo nebolelo

Saved in:
Bibliographic Details
Main Author Gibson, Lindsay
Format Electronic eBook
LanguageCzech
Published Grada SK 2024
Edition1. elektronické vydání
Subjects
Online AccessDostupné v BOOKPORT po přihlášení pomocí eduID
ISBN978-80-8090-810-2
978-80-8090-808-9
Physical Description1 online zdroj (272 stran)

Cover

LEADER 00000nam a2200000 i 4500
001 bkp100274
003 CZ-prgp
005 20240604131426.0
006 m o d
007 cr cn
008 240604s2024 xr o 000 0 cze
020 |a 978-80-8090-810-2  |c 393 Kč  |q (online ; epub) 
020 |a 978-80-8090-808-9  |c 462 Kč  |q (print) 
040 |a Grada  |b cze  |e rda 
100 1 |a Gibson, Lindsay 
245 1 0 |a Aby už detstvo nebolelo  |c Lindsay Gibson 
250 |a 1. elektronické vydání 
264 1 |b Grada SK  |c 2024 
300 |a 1 online zdroj (272 stran) 
336 |a text  |b txt  |2 rdacontent 
337 |a počítač  |b c  |2 rdamedia 
338 |a online zdroj  |b cr  |2 rdacarrier 
520 3 |a Detstvo s nezrelými rodičmi v nás môže zanechať hlboké rany. Ak nedostaneme citovú starostlivosť, akú potrebujeme, naučíme sa seba a svet vnímať skreslene. Cesta von však existuje, a ak ste pripravení na zmenu, táto kniha je práve pre vás. Staňte sa svojím ideálnym rodičom, po akom ste vždy túžili, a rozkvitnite do sebavedomia a radosti zo života. 
650 0 4 |a Psychologie pro každého 
856 4 0 |u https://www.bookport.cz/AccountSaml/SignIn/?idp=https://shibboleth.utb.cz/idp/shibboleth&returnUrl=/kniha/aby-uz-detstvo-nebolelo-12676/  |y Dostupné v BOOKPORT po přihlášení pomocí eduID